000 00512nam a22001697a 4500
005 20241217120759.0
010 _aENG-143061
020 _c300.00
_a9789390927746
035 _aEN-126593
037 _bDBAD/PUB
082 _a000
245 _aGeneral Studies Preview/
_cby Sam-Samayik Ghatna Chakra
260 _aUttar Pradesh
_bSam- Samayik Ghatna Chakra
_c2022
270 _bPrayagraj
_a188A/128 Allenganj
_e211002
_k8081655444
300 _a424p.
_c27cm(pbk)
942 _2ddc
_cEN
_h000
_mGEN
999 _c207750
_d207750